| 000 | 01300cab a2200229 4500 | ||
|---|---|---|---|
| 001 | ABS48114 | ||
| 008 | 090401t1993 xxu||||| |||| 00| 0 eng d | ||
| 035 | _a(Sirsi) u65069 | ||
| 041 | _aeng | ||
| 245 | _aCanterbury CC v Colley and another | ||
| 260 | _c1993 | ||
| 350 | _a0 | ||
| 490 |
_aAll England Law Reports _v(1993) 1 All ER 591-598(5) |
||
| 520 | _aHL 21 January 1993. Concerned reactivation of planning permission for a dwelling house 25 years after its grant. Although a new application for the same site was refused, the council concluded, after some dispute, that the original permission was still valid. Shortly afterwards this acceptance was rescinded by order and subsequently by public inquiry. The applicants sought compensation under the Town and Country Planning Act 1971. LT made an award of £106,750, against which the council appealed claiming that s164 had been misinterpreted and that without planning permission the level of compensation should be less. CA agreed and the applicants appealed to the House of Lords. Appeal dismissed. | ||
| 650 | _aCOMPENSATION | ||
| 650 | _aPLANNING PERMISSION | ||
| 650 | _aREVOCATION | ||
| 650 | _aTOWN AND COUNTRY PLANNING ACT 1971 S164 | ||
| 690 | _aPLANNING LAW AND PRACTICE-CASE LAW | ||
| 942 | _n0 | ||
| 948 | _c04/03/1997 | ||
| 999 |
_c40557 _d40557 |
||